000 00618nam a2200205 i 4500
001 182273
003 ES-MaACL
005 20230906221554.0
008 130730s1990 sp | |||| ||spa d
020 _a84-87422-08-X
080 _a821.134.2-14"19"
100 1 _aDíez Serrano, Isabel.
_944650
245 1 0 _aAlimentando lluvias
_b: antología mínima de Isabel Diez.
260 _aMadrid :
_bAltorrey,
_c1990.
300 _a[16] p. ;
_c21 cm.
490 1 _aNueva imagen
830 0 _aNueva imagen
_9188929
852 _aES-MaACL
_j2316-F-21
_z. - Dedicatoria autógrafa de la autora
999 _c182273
_d182273